00852nam a2200253 i 4500001000300000100003000003245005800033260005800091300002800149504002200177650004000199650002600239655003000265020001500295040000800310041000800318080002700326920001800353942000700371008004100378999001700419856009800436952006400534bg1 aOSTWALD, Mariand(1947- )10aPodstawy optymalizacji konstrukcji /cMarian Ostwald. aPoznań :bWydaw. Politechniki Poznańskiej,c2003. a204 s. :bil. ;c24 cm. aBibliogr. Indeks. 9aOptymalizacjaxstosowaniextechnika 9aBudownictwoxprojekty aPodręczniki akademickie a8371435657 cBPK0 apol a519.863:624.04](075.8) a83-7143-565-7 cKS s pl f |000 0 pol  c43632d43632 uhttp://koha.tu.koszalin.pl/cgi-bin/koha/opac-detail.pl?biblionumber=43632yKatalog online BPK 00104071aBPKbBPKcco69564p02042671t624.01/.07 KbyKS